Flexible urethane foams and chlorofluorocarbon emissions /

Bibliographic Details
Main Author: Mooz, W. E.
Corporate Authors: United States. Environmental Protection Agency, Rand Corporation
Other Authors: Quinn, Timothy H.
Format: Book
Language:English
Published: Santa Monica, CA : Rand, [1980]
Series:Rand note ; N-1472-EPA.
Subjects:

MARC

Tag First Indicator Second Indicator Subfields
LEADER 00000cam a2200000 a 4500
001 in00000091769
005 20150923131822.0
008 801028s1980 caua b 00010 eng d
035 |a (OCoLC)06870324 
035 |9 AAK7104AM 
040 |a YSM  |c YSM  |d m.c.  |d TXA  |d UtOrBLW 
049 |a TXAM  |c [1655709] 
090 |a TD885.5 C5  |b  M66 1980 
100 1 |a Mooz, W. E. 
245 1 0 |a Flexible urethane foams and chlorofluorocarbon emissions /  |c  William E. Mooz and Timothy Quinn. 
264 1 |a Santa Monica, CA :  |b Rand,  |c [1980] 
300 |a xi, 65 pages :  |b illustrations ;  |c 28 cm. 
336 |a text  |b txt  |2 rdacontent 
337 |a unmediated  |b n  |2 rdamedia 
338 |a volume  |b nc  |2 rdacarrier 
490 1 |a A Rand note ;  |v N-1472-EPA 
500 |a Prepared for the U.S. Environmental Protection Agency. 
504 |a Bibliography: page 65. 
500 |a "June 1980." 
650 0 |a Chlorofluorocarbons  |x Environmental aspects. 
650 0 |a Atmospheric ozone. 
700 1 |a Quinn, Timothy H. 
710 1 |a United States.  |b Environmental Protection Agency. 
710 2 |a Rand Corporation. 
830 0 |a Rand note ;  |v N-1472-EPA. 
999 |a MARS 
999 f f |s d1271d00-85c3-345e-a606-ef2b0bfb00df  |i 7cb8f9ba-9313-37da-8cb1-c7a945ca2701  |t 0 
952 f f |p ric  |a Texas A&M University  |b Rellis Campus  |c Joint Library Facility  |d Remote Storage  |t 0  |e TD885.5.C5 M66 1980  |h Library of Congress classification  |i unmediated -- volume  |m A14806002772 
998 f f |a TD885.5.C5 M66 1980  |t 0  |l Remote Storage